[Event "9. Griesheimer Schachtage 2013"]
[Site "?"]
[Date "2013.??.??"]
[Round "4.18"]
[White "Peteani, Damien"]
[Black "Bejan, Viorel"]
[Result "1/2-1/2"]
[WhiteElo "1438"]
[BlackElo "1605"]
[PlyCount "93"]

1. e4 c6 2. d4 d5 3. exd5 cxd5 4. c4 Nf6 5. Nc3 Bg4 6. Qb3 Nc6 7. Nxd5 Nxd4 8.
Qd3 Nc6 9. Nxf6+ exf6 10. Bd2 Qxd3 11. Bxd3 Ne5 12. Be2 Bxe2 13. Nxe2 Nxc4 14.
Bc3 Bc5 15. O-O Ne5 16. Nd4 O-O 17. Nb3 Bb6 18. Na5 Rab8 19. Rad1 Bxa5 20. Bxa5
b6 21. Bc3 Rfd8 22. Rxd8+ Rxd8 23. Re1 Nc6 24. b4 b5 25. f4 f5 26. a3 Kf8 27.
Re3 Rd7 28. Rg3 f6 29. Kf2 Ne7 30. Ke2 Nd5 31. Bd2 a6 32. Be3 Re7 33. Kd2 Rxe3
34. Rxe3 Nxe3 35. Kxe3 Ke7 36. Kd4 Kd6 37. g3 h5 38. h3 g5 39. h4 g4 40. Ke3
Kc7 41. Kd4 Kc6 42. Kc3 Kd5 43. Kd3 Kd6 44. Kd4 Kc6 45. Kc3 Kd7 46. Kd3 Ke7 47.
Kc3 1/2-1/2

[Event "9. Griesheimer Schachtage 2013"]
[Site "?"]
[Date "2013.??.??"]
[Round "4.19"]
[White "Breining, Anton"]
[Black "Bethke, Richard"]
[Result "0-1"]
[WhiteElo "1342"]
[BlackElo "1604"]
[PlyCount "78"]

1. e4 c6 2. d4 d5 3. e5 Bf5 4. Nf3 h6 5. Bd3 Bxd3 6. Qxd3 e6 7. O-O Nd7 8. Nc3
c5 9. b3 a6 10. Ne2 b5 11. c4 bxc4 12. bxc4 dxc4 13. Qxc4 Nb6 14. Qd3 c4 15.
Qe4 Qd5 16. Qe3 Rc8 17. Nc3 Qa5 18. Bd2 Bb4 19. Rfd1 Nd5 20. Nxd5 Bxd2 21. Qxd2
Qxd2 22. Nxd2 exd5 23. Rdc1 Ne7 24. Rab1 O-O 25. Rb6 Rc6 26. Rcb1 Rxb6 27. Rxb6
c3 28. Nb3 c2 29. Nc1 Rc8 30. Rb3 Nf5 31. Rd3 Rc4 32. Kf1 Rxd4 33. Rxd4 Nxd4
34. Ke1 Kf8 35. Kd2 Ke7 36. Kd3 Nc6 37. Kxc2 Nxe5 38. Nb3 Kd6 39. h3 Nc4 0-1

[Event "9. Griesheimer Schachtage 2013"]
[Site "?"]
[Date "2013.??.??"]
[Round "4.20"]
[White "Bethke, Robert"]
[Black "Fuchs, Andreas"]
[Result "0-1"]
[WhiteElo "1053"]
[BlackElo "1515"]
[PlyCount "66"]

1. d4 Nf6 2. Nf3 g6 3. g3 Bg7 4. Bg2 c5 5. c3 O-O 6. O-O cxd4 7. cxd4 d5 8. Nc3
Nc6 9. e3 e6 10. a3 b6 11. Bd2 Ba6 12. Re1 Bb7 13. Rb1 Rc8 14. Rf1 Qd7 15. b4
Rfd8 16. Bh3 Ne4 17. Nxe4 dxe4 18. Ne1 Nxd4 19. exd4 Qxd4 20. Bg2 Qxd2 21. Qxd2
Rxd2 22. f3 e3 23. a4 Bd5 24. Kh1 Bd4 25. b5 e2 26. Rg1 Bxg1 27. Kxg1 Rd1 28.
Rxd1 exd1=Q 29. Kf2 Rc1 30. Ke3 Qxe1+ 31. Kf4 Rc4+ 32. Kg5 Qe5+ 33. Kh6 Qh5#
0-1

[Event "9. Griesheimer Schachtage 2013"]
[Site "?"]
[Date "2013.??.??"]
[Round "4.21"]
[White "Puzzo, Peter"]
[Black "Boehm, Horst"]
[Result "0-1"]
[WhiteElo "1720"]
[BlackElo "1276"]
[PlyCount "56"]

1. e4 e5 2. Nf3 Nc6 3. Bc4 Be7 4. c3 d6 5. Bb3 Nf6 6. d3 Bg4 7. Nbd2 O-O 8. h3
Be6 9. Bc2 a6 10. Nf1 h6 11. Bd2 Nh7 12. g4 Ng5 13. Ng3 Nxf3+ 14. Qxf3 Bg5 15.
Qe2 Bxd2+ 16. Qxd2 Qg5 17. Qe2 Ne7 18. Nf5 Ng6 19. h4 Qf4 20. h5 Bxf5 21. hxg6
Bxg4 22. gxf7+ Rxf7 23. Qe3 Qxe3+ 24. fxe3 Kh7 25. Rh4 Raf8 26. Rh1 Rf2 27. Rc1
Re2+ 28. Kd1 Rh2+ 0-1

[Event "9. Griesheimer Schachtage 2013"]
[Site "?"]
[Date "2013.??.??"]
[Round "4.22"]
[White "Berger, Achim"]
[Black "Gloeckner, Hank"]
[Result "1-0"]
[WhiteElo "1587"]
[BlackElo "1450"]
[PlyCount "43"]

1. e4 g6 2. d4 Nh6 3. g3 d6 4. Bg2 Na6 5. Ne2 c6 6. c4 Bg7 7. Nbc3 O-O 8. Be3
f6 9. O-O Nf7 10. a3 e5 11. d5 Nc7 12. b4 Bd7 13. c5 Qe7 14. cxd6 Nxd6 15. Qb3
Kh8 16. Rad1 f5 17. Bc5 cxd5 18. Nxd5 Nxd5 19. Qxd5 Rf6 20. Bxd6 Bc6 21. Bxe7
Bxd5 22. Bxf6 1-0

[Event "9. Griesheimer Schachtage 2013"]
[Site "?"]
[Date "2013.??.??"]
[Round "4.23"]
[White "Sljivac, Zeljko-Mario"]
[Black "Viol, Julius"]
[Result "1/2-1/2"]
[WhiteElo "1426"]
[BlackElo "1233"]
[PlyCount "130"]

1. e4 Nf6 2. Nc3 d5 3. exd5 Nxd5 4. Nf3 Nxc3 5. bxc3 e6 6. Bc4 Nc6 7. O-O h6 8.
a4 Na5 9. Bb3 Bd6 10. d4 O-O 11. Bd2 Re8 12. c4 Nxb3 13. cxb3 Qf6 14. Bc3 Qd8
15. Re1 a5 16. Qd2 c6 17. c5 Bc7 18. Ne5 Bxe5 19. dxe5 Qxd2 20. Bxd2 Bd7 21.
Rad1 Kf8 22. Bc3 Ke7 23. Rd3 Red8 24. Red1 g5 25. g3 h5 26. Kg2 g4 27. Rd6 Be8
28. R1d3 Rxd6 29. Rxd6 Bd7 30. h3 Be8 31. hxg4 hxg4 32. Rd4 Rd8 33. Rxd8 Kxd8
34. Bxa5+ Ke7 35. f3 gxf3+ 36. Kxf3 f6 37. Kf4 fxe5+ 38. Kxe5 Bh5 39. Bc7 Bd1
40. a5 Bxb3 41. g4 Bc2 42. g5 Bg6 43. Bd6+ Kf7 44. Bb8 Ke7 45. Kd4 Kd7 46. Be5
Ke7 47. Bf6+ Kd7 48. Ke5 Bf5 49. Kf4 Ke8 50. Ke5 Kd7 51. Kd4 Ke8 52. Kc4 Kd7
53. Kb4 Bd3 54. Kc3 Bf5 55. Kd4 Ke8 56. Bh8 Kf7 57. Ke5 Ke7 58. Bg7 Bg6 59.
Bf6+ Kd7 60. Kf4 Bf5 61. Kg3 Ke8 62. Kh4 Kf7 63. Kh5 Bg6+ 64. Kh6 Bf5 65. Be5
Bg6 1/2-1/2

[Event "9. Griesheimer Schachtage 2013"]
[Site "?"]
[Date "2013.??.??"]
[Round "5.1"]
[White "Walter, Stefan"]
[Black "Sarkoezy, Benjamin"]
[Result "1-0"]
[WhiteElo "2330"]
[BlackElo "2136"]
[PlyCount "75"]

{16384kB. PentiumII
} 1. d4 Nf6 2. c4 g6 3. Nc3 Bg7 4. e4 d6 5. f3 O-O 6. Be3
Nbd7 7. Nge2 c5 8. Qd2 a6 9. dxc5 dxc5 10. Nf4 e6 11. Nd3 Qa5 12. e5 Ne8 13.
Ne4 Qxd2+ 14. Nxd2 b6 15. Bf4 Bb7 16. O-O-O Nc7 17. Be2 h6 18. Rhe1 Rfd8 19.
Bf1 b5 20. Bg3 Rac8 21. f4 Na8 22. Bh4 Re8 23. Nf2 Nab6 24. Nfe4 g5 25. Bf2 Bf8
26. fxg5 hxg5 27. cxb5 axb5 28. Bxb5 Bd5 29. Nxg5 Ra8 30. a3 Rec8 31. Nge4 c4
32. Bxd7 Nxd7 33. Nc3 Bc5 34. Nde4 Bxf2 35. Nxf2 Bc6 36. Nfe4 Nxe5 37. Nf6+ Kg7
38. Nh5+ 1-0

[Event "9. Griesheimer Schachtage 2013"]
[Site "?"]
[Date "2013.??.??"]
[Round "5.2"]
[White "Hornung, Thomas"]
[Black "Gramlich, Sebastian"]
[Result "0-1"]
[WhiteElo "1946"]
[BlackElo "2235"]
[PlyCount "92"]

1. d4 d5 2. c4 Nc6 3. Nf3 Bg4 4. Nc3 e6 5. Bf4 Nf6 6. e3 a6 7. Be2 Bd6 8. c5
Bxf4 9. exf4 O-O 10. O-O Ne4 11. Ne5 Bxe2 12. Nxe2 Ne7 13. f3 Nf6 14. b4 c6 15.
Qd2 Ne8 16. a4 f6 17. Nd3 Nc7 18. Ng3 Qe8 19. Rfe1 Qg6 20. Nf2 Rae8 21. Qd3
Qxd3 22. Nxd3 Kf7 23. Re2 Nf5 24. Nxf5 exf5 25. Rd2 Ne6 26. Nb2 Nxf4 27. Kf2
Re7 28. g3 Ne6 29. Re1 f4 30. Nd1 Rfe8 31. Nc3 fxg3+ 32. hxg3 h5 33. b5 axb5
34. axb5 Ra8 35. bxc6 bxc6 36. Rb1 Ra3 37. Ne2 Ng5 38. Ng1 Ree3 39. Rb6 Nxf3
40. Re2 Nh2 41. Rxc6 Ng4+ 42. Ke1 Rxg3 43. Kf1 Ra1+ 44. Re1 Rxg1+ 45. Kxg1
Rxe1+ 46. Kg2 Rd1 0-1

[Event "9. Griesheimer Schachtage 2013"]
[Site "?"]
[Date "2013.??.??"]
[Round "5.3"]
[White "Leiter, Thomas"]
[Black "Daechert, Peter"]
[Result "1-0"]
[WhiteElo "2226"]
[BlackElo "2031"]
[PlyCount "85"]

1. d4 f5 2. Nf3 Nf6 3. c4 e6 4. g3 b6 5. Bg2 Bb7 6. O-O Be7 7. Nc3 Bb4 8. d5
Bxc3 9. bxc3 exd5 10. Nd4 O-O 11. Nxf5 Ne4 12. cxd5 Nxc3 13. Qd3 Nxe2+ 14. Qxe2
Rxf5 15. Be4 Rxd5 16. Qc4 c6 17. Bb2 Na6 18. Bxd5+ cxd5 19. Qd4 Qf8 20. f4 Qc5
21. Rac1 Qxd4+ 22. Bxd4 Bc6 23. f5 Re8 24. Rce1 Re4 25. Rxe4 dxe4 26. Rf4 Nc7
27. Rg4 Ne8 28. Bxg7 Nxg7 29. f6 Kf7 30. fxg7 Kg8 31. Kf2 d5 32. Ke3 Be8 33.
Kd4 Bf7 34. Rg5 h6 35. Re5 Kxg7 36. Re7 a6 37. Rb7 e3 38. Kxe3 Kf6 39. Rxb6+
Ke5 40. Rxa6 d4+ 41. Kd2 h5 42. a4 Ke4 43. Rf6 1-0

[Event "9. Griesheimer Schachtage 2013"]
[Site "?"]
[Date "2013.??.??"]
[Round "5.4"]
[White "Fichtner, Ewald"]
[Black "Schmitt, Christian"]
[Result "0-1"]
[WhiteElo "2026"]
[BlackElo "2183"]
[PlyCount "91"]

1. d4 Nf6 2. c4 g6 3. g3 Bg7 4. Bg2 d6 5. Nf3 O-O 6. Nc3 c6 7. O-O Nbd7 8. e4
e5 9. h3 Qb6 10. d5 Nc5 11. Ne1 cxd5 12. cxd5 Bd7 13. Nd3 Nxd3 14. Qxd3 Ne8 15.
Be3 Qd8 16. Rac1 f5 17. f4 fxe4 18. Nxe4 Bf5 19. Qb3 exf4 20. Bxf4 Bxe4 21.
Bxe4 Qb6+ 22. Kg2 Qxb3 23. axb3 Bxb2 24. Rc2 Be5 25. Bxe5 Rxf1 26. Kxf1 dxe5
27. Bf3 Kf8 28. Bg4 Ke7 29. Be6 Kd6 30. Rf2 Nc7 31. Bf7 Rf8 32. Rf6+ Ke7 33.
Rf2 a5 34. g4 Ne8 35. Be6 Rxf2+ 36. Kxf2 g5 37. Ke3 Nf6 38. Kd3 b5 39. Bf5 Kd6
40. Bc8 Kxd5 41. Ba6 Kc5 42. Bc8 h6 43. Be6 a4 44. bxa4 bxa4 45. Ba2 Nd5 46.
Ke4 0-1

[Event "9. Griesheimer Schachtage 2013"]
[Site "?"]
[Date "2013.??.??"]
[Round "5.5"]
[White "Rosenberger, Frank"]
[Black "Hoeck, Raimund"]
[Result "0-1"]
[WhiteElo "2143"]
[BlackElo "2004"]
[PlyCount "188"]

1. e4 c5 2. Nf3 d6 3. d4 cxd4 4. Nxd4 Nf6 5. Nc3 a6 6. a4 Nc6 7. Be2 e6 8. Be3
Be7 9. O-O O-O 10. f4 Qc7 11. Kh1 Bd7 12. Nb3 Nb4 13. a5 Bc6 14. Bb6 Qc8 15.
Bf3 d5 16. e5 Nd7 17. Bd4 Qc7 18. Qe2 b5 19. Rf2 Bb7 20. Qe3 Rfc8 21. f5 Nc6
22. fxe6 fxe6 23. Bg4 Nd8 24. Raf1 Nf8 25. Qh3 Qd7 26. Nc5 Rxc5 27. Bxc5 Bxc5
28. Re2 b4 29. Nd1 Bc6 30. Rd2 Qe8 31. Bh5 Qe7 32. Qg3 Be8 33. Be2 Bb5 34. Bxb5
axb5 35. Ne3 Ng6 36. Ng4 Nf7 37. Re2 Rxa5 38. h3 Ra8 39. Qd3 Qd7 40. c3 b3 41.
Qd1 Qa7 42. Qxb3 Qa4 43. Qxa4 Rxa4 44. Rfe1 Bb6 45. Nh2 Nh4 46. g3 Nf5 47. Kg2
h5 48. Nf3 g5 49. Kh2 Kg7 50. Kg2 Kg6 51. Kh2 Bd8 52. Kg2 g4 53. Ng1 Ng5 54.
Rc2 Ne4 55. hxg4 hxg4 56. Kh2 Nfxg3 57. Ne2 Nxe2 58. Rcxe2 Bc7 59. Kg2 Bxe5 60.
Rc1 Bf4 61. Rcc2 Kf5 62. Re1 Ra2 63. Rce2 Ng5 64. Rh1 Ne4 65. Rhe1 Bd2 66. Rf1+
Kg5 67. Rf8 Bxc3 68. Rg8+ Kf5 69. Rf8+ Ke5 70. Rb8 Rxb2 71. Rxb2 Bxb2 72. Rxb5
Bc3 73. Rb8 d4 74. Rg8 d3 75. Kf1 Kf4 76. Rf8+ Ke3 77. Rd8 g3 78. Kg2 Bd4 79.
Ra8 d2 80. Ra1 Nc3 81. Rf1 d1=Q 82. Rxd1 Nxd1 83. Kxg3 Ke2 84. Kf4 e5+ 85. Ke4
Nc3+ 86. Kf5 e4 87. Kf4 e3 88. Kg3 Kf1 89. Kf4 e2 90. Kf5 e1=Q 91. Kf4 Qe5+ 92.
Kf3 Qf5+ 93. Kg3 Be5+ 94. Kh4 Qg6 0-1

[Event "9. Griesheimer Schachtage 2013"]
[Site "?"]
[Date "2013.??.??"]
[Round "5.6"]
[White "Auschkalnis, Reinhard"]
[Black "Haas, Vanessa"]
[Result "1-0"]
[WhiteElo "1807"]
[BlackElo "1828"]
[PlyCount "75"]

1. f4 d5 2. Nf3 c5 3. e3 Nf6 4. b3 e6 5. Bb2 Be7 6. Bb5+ Bd7 7. Be2 O-O 8. O-O
b5 9. c4 a6 10. Ne5 Qb6 11. Bf3 Rd8 12. Qe1 Bc6 13. Nxc6 Nxc6 14. d3 Ra7 15.
Nd2 Rad7 16. cxd5 Nxd5 17. Bxd5 exd5 18. Qg3 d4 19. e4 Kh8 20. Kh1 Rd6 21. f5
Rh6 22. Nf3 Qb8 23. e5 Nb4 24. Bc1 Rc6 25. Ng5 Bxg5 26. Bxg5 f6 27. Bf4 Qb7 28.
e6 Nd5 29. Bd2 c4 30. bxc4 bxc4 31. dxc4 Rxc4 32. Rab1 Qc6 33. h3 Rc2 34. Rfc1
Ne3 35. Bxe3 dxe3 36. Rxc2 Qxc2 37. Rb8 Qd1+ 38. Kh2 1-0

[Event "9. Griesheimer Schachtage 2013"]
[Site "?"]
[Date "2013.??.??"]
[Round "5.7"]
[White "Dankesreiter, Arne"]
[Black "Roediger, Thomas"]
[Result "1/2-1/2"]
[WhiteElo "1971"]
[BlackElo "2100"]
[PlyCount "37"]

1. c4 Nf6 2. g3 e6 3. Bg2 d5 4. d4 Be7 5. Nc3 c6 6. Nf3 Nbd7 7. cxd5 exd5 8.
O-O O-O 9. Qc2 Re8 10. Bf4 Nh5 11. Nxd5 Nxf4 12. Nxf4 Nf6 13. Rad1 g6 14. Ne5
Rf8 15. d5 Qa5 16. dxc6 Qxe5 17. cxb7 Rb8 18. bxc8=Q Rfxc8 19. Qa4 1/2-1/2

[Event "9. Griesheimer Schachtage 2013"]
[Site "?"]
[Date "2013.??.??"]
[Round "5.8"]
[White "Neuner, Johannes"]
[Black "Gutacker, Stephan"]
[Result "1-0"]
[WhiteElo "2004"]
[BlackElo "1965"]
[PlyCount "59"]

1. d4 Nf6 2. c4 e6 3. g3 d5 4. Nf3 c6 5. Bg2 Nbd7 6. O-O Be7 7. Qc2 O-O 8. Nbd2
b6 9. e4 dxe4 10. Nxe4 Bb7 11. Rd1 Qc8 12. Nxf6+ Bxf6 13. Ng5 Bxg5 14. Bxg5 c5
15. d5 e5 16. Bh3 h6 17. Bd2 Qd8 18. Re1 Re8 19. Bc3 f6 20. Re4 Nf8 21. Rae1
Bc8 22. Bxc8 Qxc8 23. f4 Nh7 24. Qe2 Rf8 25. fxe5 fxe5 26. Rxe5 Ng5 27. Re7
Nh3+ 28. Kh1 Nf2+ 29. Kg2 Qh3+ 30. Kg1 1-0

[Event "9. Griesheimer Schachtage 2013"]
[Site "?"]
[Date "2013.??.??"]
[Round "5.9"]
[White "Tierling, Detlef"]
[Black "Hartmann, Marc H."]
[Result "1-0"]
[WhiteElo "2033"]
[BlackElo "1787"]
[PlyCount "65"]

1. d4 d5 2. c4 e6 3. Nc3 c5 4. e3 Nf6 5. Nf3 a6 6. g3 Nc6 7. Bg2 Be7 8. dxc5
Bxc5 9. O-O O-O 10. Na4 Ba7 11. c5 Ne4 12. b4 Nxb4 13. Bb2 Nc6 14. Nd4 Nf6 15.
Rc1 Bd7 16. Nb3 b5 17. cxb6 Bxb6 18. Bxf6 gxf6 19. Nxb6 Qxb6 20. Nc5 Qd8 21. e4
Ne7 22. exd5 exd5 23. Qd4 Nc6 24. Qxd5 Be8 25. Qh5 f5 26. Qxf5 Qc8 27. Qg5+ Kh8
28. Qf6+ Kg8 29. Rfd1 Ra7 30. Ne4 Rc7 31. Qg5+ Kh8 32. Nf6 Bd7 33. Rxd7 1-0

[Event "9. Griesheimer Schachtage 2013"]
[Site "?"]
[Date "2013.??.??"]
[Round "5.10"]
[White "Bethke, Richard"]
[Black "Schmitt, Roland"]
[Result "0-1"]
[WhiteElo "1604"]
[BlackElo "1934"]
[PlyCount "112"]

1. c4 Nf6 2. d4 g6 3. Nc3 d5 4. Bf4 Bg7 5. e3 O-O 6. Nf3 c5 7. Qb3 dxc4 8. Bxc4
Nc6 9. dxc5 Qa5 10. Qb5 Ne4 11. Qxa5 Nxa5 12. Nxe4 Nxc4 13. Nd4 e5 14. b3 Na3
15. Bxe5 Bxe5 16. Rc1 Bxd4 17. exd4 Re8 18. f3 f5 19. Kf2 fxe4 20. d5 exf3 21.
gxf3 Bf5 22. Rhd1 Rad8 23. c6 bxc6 24. Rxc6 Rd7 25. d6 Red8 26. Kg3 Kf7 27. Kf4
Kf6 28. Rd5 g5+ 29. Ke3 Nc2+ 30. Kd2 Nb4 31. Rxf5+ Kxf5 32. Rc5+ Kf6 33. Ra5
Rxd6+ 34. Kc3 Nd5+ 35. Kc4 Nb6+ 36. Kb4 R8d7 37. h3 Rd4+ 38. Ka3 Rd3 39. Kb4
Rxf3 40. Rc5 Rxh3 41. a4 Rhd3 42. Ka3 g4 43. a5 g3 44. Rc1 Kf5 45. axb6 axb6
46. Kb4 R7d4+ 47. Kb5 Rxb3+ 48. Ka6 h5 49. Kb7 b5 50. Kb6 h4 51. Ka5 Ra4+ 52.
Kb6 h3 53. Rc5+ Kg4 54. Re5 Rc4 55. Re8 h2 56. Rg8+ Kh3 0-1

[Event "9. Griesheimer Schachtage 2013"]
[Site "?"]
[Date "2013.??.??"]
[Round "5.11"]
[White "Saluvar, Buelent"]
[Black "Dr. Launert, Martin"]
[Result "0-1"]
[WhiteElo "1555"]
[BlackElo "1887"]
[PlyCount "74"]

1. d4 Nf6 2. Bg5 e6 3. Nf3 c5 4. e3 h6 5. Bh4 Qb6 6. Qc1 Be7 7. Bd3 d5 8. dxc5
Qxc5 9. O-O Nbd7 10. Nbd2 b5 11. a4 bxa4 12. Rxa4 Nb6 13. Ra2 Nc4 14. Re1 O-O
15. Nb3 Qb6 16. e4 dxe4 17. Bxe4 Bb7 18. Bxb7 Qxb7 19. Ra4 Rfc8 20. Nfd2 Nd6
21. c4 Qc6 22. Qa1 Nf5 23. Na5 Qb6 24. c5 Qxc5 25. Rc4 Qb6 26. Rxc8+ Rxc8 27.
Bxf6 Bxf6 28. Nac4 Qb8 29. Qa4 Ne7 30. Ne4 Nd5 31. Nxf6+ Nxf6 32. Rd1 Nd5 33.
Qd7 Rd8 34. Qa4 Qc7 35. h3 Rb8 36. Qa3 Qxc4 37. Qxa7 Qb5 0-1

[Event "9. Griesheimer Schachtage 2013"]
[Site "?"]
[Date "2013.??.??"]
[Round "5.12"]
[White "Boehm, Horst"]
[Black "Schellen, Sven"]
[Result "1-0"]
[WhiteElo "1276"]
[BlackElo "1802"]
[PlyCount "141"]

1. e4 e5 2. Nf3 Nc6 3. Bc4 d6 4. h3 Be7 5. d3 Na5 6. Nbd2 Nxc4 7. Nxc4 Be6 8.
Ne3 Qd7 9. b3 h6 10. Bb2 O-O-O 11. Qe2 g6 12. h4 f5 13. exf5 gxf5 14. Nc4 Nf6
15. Nfd2 Rhg8 16. f3 Nh5 17. Qf2 Kb8 18. O-O-O Rdf8 19. Rdg1 Nf4 20. g3 Nd5 21.
Kb1 Nf6 22. Rh2 c5 23. Qe1 Qc7 24. Re2 b5 25. Nxe5 dxe5 26. Bxe5 Bd6 27. Bxd6
Qxd6 28. Rxe6 Qd4 29. Qe5+ Qxe5 30. Rxe5 Nd7 31. Re6 h5 32. f4 Kc7 33. Nf3 Rf6
34. Ng5 Rxe6 35. Nxe6+ Kd6 36. Ng5 Re8 37. Rg2 Kd5 38. Nf3 Nf6 39. Kc1 a5 40.
Kd2 c4 41. Ne5 cxb3 42. cxb3 Kc5 43. a3 Nd5 44. Re2 Rg8 45. Rg2 Nxf4 46. Rf2
Nd5 47. Rf3 Ne7 48. Nd7+ Kd6 49. Nb6 Rb8 50. Nc4+ bxc4 51. dxc4 Rf8 52. Kd3 Kc5
53. Kc3 Nc6 54. Rd3 Rd8 55. b4+ axb4+ 56. axb4+ Kb6 57. Rxd8 Nxd8 58. Kd4 Kc6
59. Ke5 Nf7+ 60. Kxf5 Nd6+ 61. Kg6 Ne4 62. Kxh5 Nxg3+ 63. Kg6 Ne4 64. h5 Nd6
65. c5 Nc8 66. Kf7 Kb5 67. h6 Kxb4 68. h7 Kxc5 69. h8=Q Nd6+ 70. Ke6 Ne4 71.
Qe5+ 1-0

[Event "9. Griesheimer Schachtage 2013"]
[Site "?"]
[Date "2013.??.??"]
[Round "5.13"]
[White "Reichel, Rolf"]
[Black "Felde, Philipp"]
[Result "1-0"]
[WhiteElo "1787"]
[BlackElo "1420"]
[PlyCount "75"]

1. e4 g6 2. d4 Bg7 3. f4 c6 4. Nf3 d5 5. e5 h5 6. Be2 Nh6 7. Be3 Bg4 8. h3 Bxf3
9. Bxf3 e6 10. Qd2 Nf5 11. Bf2 Nd7 12. Nc3 Bf8 13. O-O-O Qa5 14. g4 Ng7 15.
gxh5 Nxh5 16. a3 Nxf4 17. Be3 Nh5 18. Bxh5 Rxh5 19. Rdf1 Nb6 20. Qf2 Rf5 21.
Qh4 Be7 22. Qh8+ Kd7 23. Qg7 Bf8 24. Qh7 Bxa3 25. Rxf5 gxf5 26. bxa3 Qxc3 27.
Qxf7+ Kc8 28. Qxe6+ Kc7 29. Qd6+ Kc8 30. Qe6+ Kc7 31. Qe7+ Kc8 32. Qf8+ Kc7 33.
Qd6+ Kc8 34. Qf8+ Kc7 35. Qg7+ Kc8 36. Qh8+ Kc7 37. Qh7+ Kd8 38. Bg5+ 1-0

[Event "9. Griesheimer Schachtage 2013"]
[Site "?"]
[Date "2013.??.??"]
[Round "5.14"]
[White "Fuchs, Andreas"]
[Black "Renger, Juergen"]
[Result "1/2-1/2"]
[WhiteElo "1515"]
[BlackElo "1618"]
[PlyCount "21"]

1. e4 e6 2. d4 d5 3. e5 c5 4. c3 Nc6 5. Nf3 Qb6 6. Bd3 cxd4 7. cxd4 Bd7 8. Nc3
Nxd4 9. Nxd4 Qxd4 10. O-O a6 11. Re1 1/2-1/2

[Event "9. Griesheimer Schachtage 2013"]
[Site "?"]
[Date "2013.??.??"]
[Round "5.15"]
[White "Bejan, Viorel"]
[Black "Ehmsen, Eckard"]
[Result "0-1"]
[WhiteElo "1605"]
[BlackElo "1979"]
[PlyCount "114"]

1. e4 Nf6 2. Nc3 d5 3. exd5 Nxd5 4. Bc4 e6 5. Qf3 c6 6. Nge2 Nd7 7. d3 Qf6 8.
Qg3 Qg6 9. Bxd5 Qxg3 10. Nxg3 exd5 11. Bf4 g6 12. Kd2 f6 13. Rhe1+ Kf7 14. Re2
Nc5 15. Nf1 Ne6 16. Bg3 Bh6+ 17. Ke1 Nd4 18. Rd2 Bxd2+ 19. Kxd2 h5 20. f3 Bd7
21. Bf2 Nf5 22. Re1 b6 23. a3 g5 24. Ne2 c5 25. Ne3 Ne7 26. Nf1 d4 27. c3 dxc3+
28. bxc3 Rad8 29. Ne3 Bb5 30. c4 Bc6 31. Nc3 Rd7 32. Kc2 f5 33. Ned1 Rhd8 34.
Nb2 Ng6 35. Re2 h4 36. Be3 Kf6 37. Bc1 Re7 38. Rxe7 Nxe7 39. Ncd1 h3 40. gxh3
Bxf3 41. Nf2 Rh8 42. Nbd1 Kg6 43. Ne3 g4 44. Bb2 Rh7 45. Be5 gxh3 46. Nf1 Nc6
47. Bg3 Nd4+ 48. Kd2 Bg2 49. Ne3 Re7 50. Bf4 Ne6 51. Bd6 Rd7 52. Be5 Kg5 53.
Nd5 Bxd5 54. cxd5 Rxd5 55. Nxh3+ Kg4 56. Nf2+ Kf3 57. Bg3 f4 0-1

[Event "9. Griesheimer Schachtage 2013"]
[Site "?"]
[Date "2013.??.??"]
[Round "5.16"]
[White "Pabel, Ralph"]
[Black "Glende, Dirk"]
[Result "1-0"]
[WhiteElo "1927"]
[BlackElo "1545"]
[PlyCount "41"]

1. d4 d6 2. e4 Nf6 3. Nc3 g6 4. f3 Bg7 5. Be3 O-O 6. Qd2 e5 7. d5 a6 8. g4 b5
9. a3 Nbd7 10. h4 Re8 11. h5 Nf8 12. Nge2 Bd7 13. Ng3 gxh5 14. g5 Ng4 15. fxg4
hxg4 16. Bd3 f6 17. Nh5 Qe7 18. O-O-O Reb8 19. Rdf1 fxg5 20. Bxg5 Qe8 21. Bf6
1-0

[Event "9. Griesheimer Schachtage 2013"]
[Site "?"]
[Date "2013.??.??"]
[Round "5.17"]
[White "Mager, Thomas"]
[Black "Lehmann, Gerit"]
[Result "1-0"]
[WhiteElo "1878"]
[BlackElo "1491"]
[PlyCount "79"]

1. d4 d5 2. c4 e6 3. Nc3 Nf6 4. cxd5 exd5 5. Bg5 Be7 6. e3 Bf5 7. Qb3 Nbd7 8.
Nf3 Nb6 9. Be2 h6 10. Bf4 c6 11. h3 Bd6 12. Bxd6 Qxd6 13. O-O O-O 14. a4 Rab8
15. Rfc1 Nbd7 16. Qd1 Ne4 17. Bd3 Ndf6 18. Ne2 Bh7 19. Qc2 Rfc8 20. Qb1 c5 21.
dxc5 Rxc5 22. Rd1 Qc7 23. Nfd4 a5 24. Nb3 Rc6 25. Ned4 Rb6 26. Nxa5 Rb4 27.
Nab3 Qd7 28. Qa2 Nd6 29. Bb5 Nxb5 30. axb5 Rc4 31. Qa7 Rbc8 32. Na5 R4c5 33.
Qxb7 R5c7 34. Qb6 Ne4 35. Nac6 Rb7 36. Qa5 Nd6 37. Rac1 Nc4 38. Qa2 Qe8 39. Na5
Ra8 40. b4 1-0

[Event "9. Griesheimer Schachtage 2013"]
[Site "?"]
[Date "2013.??.??"]
[Round "5.18"]
[White "Urbach, Jens"]
[Black "Peteani, Damien"]
[Result "1-0"]
[WhiteElo "1606"]
[BlackElo "1438"]
[PlyCount "69"]
[EventDate "2013.??.??"]

1. e4 e6 2. d3 d5 3. Nd2 Nf6 4. e5 Nfd7 5. d4 c5 6. c3 Nc6 7. Ngf3 Be7 8. g3 c4
9. Bg2 O-O 10. O-O f6 11. Re1 fxe5 12. dxe5 Qc7 13. b3 b5 14. Nd4 Nxd4 15. cxd4
c3 16. Nf3 c2 17. Qd3 Ba6 18. Re2 Rac8 19. Ne1 Qc6 20. Rxc2 Qb6 21. Rxc8 Rxc8
22. Qe3 Bb4 23. Nd3 Bc3 24. Rb1 Bxd4 25. Qe1 b4 26. Nxb4 Bxf2+ 27. Qxf2 Qxb4
28. Bd2 Qb7 29. Bh3 Rf8 30. Bxe6+ Kh8 31. Qd4 Qb5 32. Bh3 Qd3 33. Qxd3 Bxd3 34.
Re1 Nc5 35. Bb4 1-0

[Event "9. Griesheimer Schachtage 2013"]
[Site "?"]
[Date "2013.??.??"]
[Round "5.19"]
[White "Troeger, Beate"]
[Black "Breining, Anton"]
[Result "1/2-1/2"]
[WhiteElo "1354"]
[BlackElo "1342"]
[PlyCount "108"]

{16384kB. PentiumII
} 1. f4 d5 2. Nf3 Nc6 3. e3 e6 4. Bb5 Bd7 5. O-O Nge7 6.
b3 f5 7. Bb2 a6 8. Bxc6 Bxc6 9. Ne5 Bd7 10. Qh5+ g6 11. Qh3 Bg7 12. d3 Kf8 13.
Nd2 Be8 14. Ndf3 Nc6 15. Nxc6 bxc6 16. Bxg7+ Kxg7 17. Nd4 Qd6 18. Rf3 c5 19.
Ne2 Bc6 20. Qh4 Qd8 21. Qf2 Qf6 22. d4 Rab8 23. c3 c4 24. b4 h5 25. h4 Rb5 26.
a4 Rbb8 27. Ng3 Bd7 28. a5 Bb5 29. Nf1 Bc6 30. Rg3 Bd7 31. Rg5 Rh6 32. Qg3 Rb7
33. Nd2 Bb5 34. Nf3 Be8 35. Ne5 Rb8 36. Rf1 Ba4 37. Qe1 Be8 38. Rf3 Ra8 39.
Rfg3 Rb8 40. Kh2 Rd8 41. Kh3 Kh7 42. Qe2 Bf7 43. Nxf7 Qxf7 44. Qc2 Rb8 45. Qa4
Rb5 46. Rf3 c6 47. Kh2 Qd7 48. Kg1 Rb8 49. Rf2 Qb7 50. Rb2 Qb5 51. Qxb5 cxb5
52. Kf2 Rd8 53. g3 Kg7 54. Kf3 Kf6 1/2-1/2

[Event "9. Griesheimer Schachtage 2013"]
[Site "?"]
[Date "2013.??.??"]
[Round "5.20"]
[White "Winter, Thomas"]
[Black "Berger, Achim"]
[Result "0-1"]
[WhiteElo "1093"]
[BlackElo "1587"]
[PlyCount "88"]

1. e4 e5 2. Nf3 Nc6 3. d4 exd4 4. c3 d3 5. Bxd3 Bc5 6. O-O d6 7. Bf4 Nf6 8. h3
O-O 9. Nbd2 Be6 10. Qc2 Qe7 11. Rfe1 Rfd8 12. Rad1 Nh5 13. Bh2 Nf6 14. e5 dxe5
15. Nxe5 Nxe5 16. Bxe5 h6 17. Nf3 Rd5 18. c4 Rd7 19. Bc3 Rad8 20. Ne5 Rd6 21.
b4 Bd4 22. c5 Rd5 23. Bxd4 Rxd4 24. a3 c6 25. Qc3 Qc7 26. Nf3 R4d5 27. Qc2 Qc8
28. Kh2 Nh5 29. Bh7+ Kh8 30. Rxd5 Bxd5 31. Ne5 Qc7 32. Qf5 g6 33. Bxg6 fxg6 34.
Qxg6 Qg7 35. g4 Nf6 36. g5 Qxg6 37. Nxg6+ Kg7 38. Ne7 hxg5 39. Rg1 Kf7 40. Nf5
Kg6 41. Nh4+ Kh5 42. Nf5 Rf8 43. Ne3 Ne4 44. Kg2 Rxf2+ 0-1

[Event "9. Griesheimer Schachtage 2013"]
[Site "?"]
[Date "2013.??.??"]
[Round "5.21"]
[White "Henkelmann, Frank"]
[Black "Bethke, Robert"]
[Result "1/2-1/2"]
[WhiteElo "1251"]
[BlackElo "1053"]
[PlyCount "58"]

1. e4 c6 2. d4 d5 3. exd5 cxd5 4. Nc3 Bf5 5. Bf4 a6 6. Bd3 Bxd3 7. Qxd3 e6 8.
a3 Be7 9. Qg3 Bf6 10. Nf3 Nd7 11. O-O Ne7 12. Nh4 Bxh4 13. Qxh4 Ng6 14. Qxd8+
Rxd8 15. Bd6 Ne7 16. Ne2 Nb6 17. Bxe7 Kxe7 18. b3 Nd7 19. Rac1 Rhe8 20. Rfe1
Kf8 21. Nf4 Kg8 22. c4 dxc4 23. bxc4 Nf6 24. d5 exd5 25. Nxd5 Rxe1+ 26. Rxe1
Nxd5 27. cxd5 f6 28. g3 Rxd5 29. Rc1 Rd8 1/2-1/2

[Event "9. Griesheimer Schachtage 2013"]
[Site "?"]
[Date "2013.??.??"]
[Round "5.22"]
[White "Viol, Julius"]
[Black "Puzzo, Peter"]
[Result "0-1"]
[WhiteElo "1233"]
[BlackElo "1720"]
[PlyCount "54"]

1. c4 e5 2. g3 Nf6 3. Bg2 Nc6 4. e4 Be7 5. Nc3 O-O 6. a3 a5 7. Nge2 d6 8. d3
Ne8 9. O-O f5 10. f4 Nf6 11. h3 fxe4 12. Nxe4 Be6 13. Nxf6+ Rxf6 14. Kh2 d5 15.
b3 Qd7 16. Qc2 Raf8 17. Bd2 b6 18. Qb2 Bd6 19. Qc2 Bc5 20. fxe5 Rf2 21. Rxf2
Rxf2 22. Be1 Nd4 23. Qd1 Rxe2 24. Kg1 Bxh3 25. Bxd5+ Kh8 26. Bc3 Nf3+ 27. Kh1
Rh2# 0-1